Propuesta de plan de negocios para la instalación de una planta procesadora de café tipo miel en la ciudad de Matagalpa, Nicaragua en el año 2018
Presenta es un estudio para la propuesta de plan de negocio para la instalación de una planta procesadora de café en la ciudad de Matagalpa, departamento de Nicaragua en el año 2018, considerando que el café a comercializar es tipo miel, no el café convencional que se comercializa mayoritariame...
| Main Authors: | , , |
|---|---|
| Other Authors: | |
| Format: | Tesis Section = Libro |
| Language: | Undetermined Spanish |
| Published: |
Estelí
UNI/RUACS
2019
|
| Subjects: |
| LEADER | 01413nam a2200289Ia 4500 | ||
|---|---|---|---|
| 008 | 240830s9999 xx 000 0 und d | ||
| 040 | |a BIBLIOTECA-RUPAP Mon 658.11 C355 | ||
| 041 | |a spa | ||
| 082 | |a Mon 658.11 C355 | ||
| 100 | 1 | |a Castro Moreno, Christopher | |
| 100 | 1 | |b Sáenz Montenegro, Roberto Carlos | |
| 100 | 1 | |c Martínez Benavidez, Marianela | |
| 245 | 1 | 0 | |a Propuesta de plan de negocios para la instalación de una planta procesadora de café tipo miel en la ciudad de Matagalpa, Nicaragua en el año 2018 |
| 260 | |a Estelí |b UNI/RUACS |c 2019 | ||
| 300 | |a 116 p. :il. | ||
| 500 | |a Contiene: anexos y CD. | ||
| 502 | |a Tesis (Ingeniero Agroindustrial)- UNI, 2019. | ||
| 520 | 3 | |a Presenta es un estudio para la propuesta de plan de negocio para la instalación de una planta procesadora de café en la ciudad de Matagalpa, departamento de Nicaragua en el año 2018, considerando que el café a comercializar es tipo miel, no el café convencional que se comercializa mayoritariamente en el mercado nacional. Para el desarrollo del plan, se realizaron: estudio de mercado, estudio técnico y estudio financiero. | |
| 650 | 7 | |a NUEVAS EMPRESAS | |
| 650 | 7 | |b CAFÉ-INDUSTRIAL Y COMERCIO | |
| 650 | 7 | |c CAFÉ-MIEL | |
| 650 | 7 | |d ESTUDIO DE MERCADO | |
| 650 | 7 | |e ESTUDIO FINANCIERO | |
| 700 | 1 | |a Tutor: |b Vilchez M., José Francisco | |
| 942 | |c BK |2 ddc | ||
| 991 | |a TESIS | ||
| 999 | |c 16878 | ||